[Event "CZE-chT2E 1819"]
[Site "Czech Republic"]
[Date "2019.03.31"]
[Round "11.2"]
[White "Beil, Martin"]
[Black "Zurek, Milan"]
[Result "1/2-1/2"]
[WhiteElo "2187"]
[BlackElo "2337"]
[PlyCount "21"]
[EventDate "2018.10.14"]
[EventType "team-tourn"]
[EventRounds "11"]
[EventCountry "CZE"]
[SourceTitle "EXT 2022"]
[Source "ChessBase"]
[SourceDate "2021.10.06"]
[SourceVersion "1"]
[SourceVersionDate "2021.10.06"]
[SourceQuality "1"]
[WhiteTeam "Kunovice"]
[BlackTeam "Velke Losiny"]
[WhiteTeamCountry "CZE"]
[BlackTeamCountry "CZE"]

1. d4 d5 2. Nf3 c6 3. c4 dxc4 4. e3 Be6 5. Nc3 b5 6. Be2 Nf6 7. 0-0 Nd5 8. Ne4 f6 9. a4 Nd7 10. b3 cxb3 11. axb5 1/2-1/2

[Event "CZE-chT2F 1516"]
[Site "Czech Republic"]
[Date "2016.04.17"]
[Round "11.26"]
[White "Krmela, Ales"]
[Black "Beil, Martin"]
[Result "0-1"]
[WhiteElo "2023"]
[BlackElo "2172"]
[PlyCount "104"]
[EventDate "2015.10.18"]
[EventType "team-tourn"]
[EventRounds "11"]
[EventCountry "CZE"]
[SourceTitle "EXT 2022"]
[Source "ChessBase"]
[SourceDate "2021.10.06"]
[SourceVersion "1"]
[SourceVersionDate "2021.10.06"]
[SourceQuality "1"]
[WhiteTeam "Hostalkova"]
[BlackTeam "Kromeriz Slavia II"]
[WhiteTeamCountry "CZE"]
[BlackTeamCountry "CZE"]

1. c4 c6 2. d4 d5 3. Nc3 Nf6 4. e3 e6 5. Nf3 Nbd7 6. Bd3 dxc4 7. Bxc4 b5 8. Bd3 a6 9. 0-0 c5 10. b3 Bb7 11. Bb2 cxd4 12. exd4 Be7 13. Rc1 0-0 14. Re1 Nb6 15. Ne5 Nbd5 16. Ne4 Nf4 17. Bb1 Bb4 18. Re3 Nxe4 19. Bxe4 Bxe4 20. Rxe4 Qg5 21. g3 Nd5 22. Re2 Bd6 23. Nd3 Rfd8 24. Rec2 h5 25. Qf3 Qg4 26. Kg2 Ne7 27. h3 Qg6 28. Kf1 a5 29. a3 a4 30. b4 Nd5 31. Nc5 Ra7 32. Qe2 h4 33. Ne4 hxg3 34. Nxd6 gxf2 35. Qxf2 Rxd6 36. Rc8+ Kh7 37. R1c5 Qd3+ 38. Kg2 Qe4+ 39. Kg1 e5 40. Rxb5 Rg6+ 41. Kh2 Ne3 42. Rxe5 Rg2+ 43. Kh1 Qb1+ 44. Rc1 Qxc1+ 45. Bxc1 Rxf2 46. Bxe3 Ra2 47. d5 Rd7 48. Bc5 f6 49. Rf5 Kg6 50. Rf3 Rxd5 51. Bf2 Rd1+ 52. Kg2 Rb1 0-1

[Event "CZE-chT2E 1314"]
[Site "Czech Republic"]
[Date "2014.02.16"]
[Round "8.1"]
[White "Beil, Martin"]
[Black "Vyskocil, Neklan"]
[Result "1/2-1/2"]
[WhiteElo "2198"]
[BlackElo "2376"]
[PlyCount "32"]
[EventDate "2013.11.03"]
[EventType "team-tourn"]
[EventRounds "11"]
[EventCountry "CZE"]
[SourceTitle "EXT 2016"]
[Source "ChessBase"]
[SourceDate "2015.10.08"]
[SourceVersion "1"]
[SourceVersionDate "2015.10.08"]
[SourceQuality "1"]
[WhiteTeam "Kromeriz Slavia II"]
[BlackTeam "Brno Moravska Slavia"]
[WhiteTeamCountry "CZE"]
[BlackTeamCountry "CZE"]

1. e4 c5 2. Nf3 e6 3. d4 cxd4 4. Nxd4 a6 5. Bd3 Nf6 6. 0-0 Qc7 7. Qe2 d6 8. Nc3 Be7 9. f4 Nc6 10. Nxc6 bxc6 11. e5 Nd5 12. exd6 Bxd6 13. Ne4 Bxf4 14. Bxf4 Nxf4 15. Qg4 Ng6 16. Ng5 Qb6+ 1/2-1/2

[Event "CZE-chT2E 1314"]
[Site "Czech Republic"]
[Date "2014.01.05"]
[Round "5.3"]
[White "Horsak, Jan"]
[Black "Beil, Martin"]
[Result "0-1"]
[WhiteElo "2078"]
[BlackElo "2198"]
[PlyCount "66"]
[EventDate "2013.11.03"]
[EventType "team-tourn"]
[EventRounds "11"]
[EventCountry "CZE"]
[SourceTitle "EXT 2016"]
[Source "ChessBase"]
[SourceDate "2015.10.08"]
[SourceVersion "1"]
[SourceVersionDate "2015.10.08"]
[SourceQuality "1"]
[WhiteTeam "Stare Mesto II"]
[BlackTeam "Kromeriz Slavia II"]
[WhiteTeamCountry "CZE"]
[BlackTeamCountry "CZE"]

1. c4 Nf6 2. d4 e6 3. Nc3 d5 4. Nf3 Be7 5. Bg5 0-0 6. e3 Nbd7 7. Bd3 dxc4 8. Bxc4 a6 9. a4 c5 10. 0-0 cxd4 11. Nxd4 Qa5 12. Bh4 Ne5 13. Ba2 Ng6 14. Bg3 e5 15. Nc2 Qb6 16. Qc1 Bf5 17. Re1 Qc6 18. f3 Rac8 19. e4 Bc5+ 20. Ne3 Be6 21. Qb1 Rfd8 22. Bf2 Nf4 23. Rd1 Bd4 24. Bxe6 fxe6 25. Qc2 Qb6 26. Re1 Nd3 27. Qxd3 Bxc3 28. Nd5 Qxb2 29. Rab1 Qa3 30. Nxf6+ gxf6 31. Qe3 Qa2 32. Red1 Bd4 33. Qe1 Rc2 0-1

[Event "CZE-chT2E 1314"]
[Site "Czech Republic"]
[Date "2013.11.03"]
[Round "1.3"]
[White "Federic, Jozef"]
[Black "Beil, Martin"]
[Result "1-0"]
[WhiteElo "2269"]
[BlackElo "2198"]
[PlyCount "145"]
[EventDate "2013.11.03"]
[EventType "team-tourn"]
[EventRounds "11"]
[EventCountry "CZE"]
[SourceTitle "EXT 2016"]
[Source "ChessBase"]
[SourceDate "2015.10.08"]
[SourceVersion "1"]
[SourceVersionDate "2015.10.08"]
[SourceQuality "1"]
[WhiteTeam "Hustopece"]
[BlackTeam "Kromeriz Slavia II"]
[WhiteTeamCountry "CZE"]
[BlackTeamCountry "CZE"]

1. d4 d5 2. c4 e6 3. Nf3 Nf6 4. g3 Be7 5. Bg2 0-0 6. 0-0 Nbd7 7. Qc2 b6 8. cxd5 Nxd5 9. a3 Bb7 10. Rd1 c5 11. e4 N5f6 12. Nc3 cxd4 13. Nxd4 Qc8 14. Qe2 Ba6 15. Qe1 Ne5 16. Ncb5 Bxb5 17. Nxb5 Qc4 18. Qf1 Rfd8 19. Bf4 Nfg4 20. h3 g5 21. Rxd8+ Rxd8 22. Qxc4 Nxc4 23. Bc7 Rd7 24. Rc1 Nge5 25. Bf1 a6 26. Bxc4 Nxc4 27. Rxc4 axb5 28. Rc6 Rd2 29. Bxb6 h6 30. b4 Ra2 31. Rc8+ Kg7 32. Bd4+ Bf6 33. e5 Be7 34. Rc7 Bf8 35. Rc3 Kg6 36. g4 Rd2 37. Bc5 Bg7 38. Re3 Rd5 39. Bd6 h5 40. Kg2 h4 41. Bc7 Bf8 42. Kf3 Rd7 43. Rc3 Rd1 44. Bb6 Rd5 45. Ke4 Rd2 46. Be3 Ra2 47. Bd4 Ra1 48. Rf3 Re1+ 49. Kd3 Be7 50. Bc3 Rd1+ 51. Kc2 Rf1 52. Kb3 Rb1+ 53. Ka2 Rc1 54. Kb2 Rd1 55. a4 bxa4 56. Ka3 Rd8 57. Kxa4 Ra8+ 58. Kb3 Rb8 59. Rd3 f5 60. exf6 Bxf6 61. Rf3 Be7 62. Re3 Kf7 63. Re4 Rd8 64. Rd4 Rb8 65. Rc4 Bd6 66. Bd2 Kf6 67. Rc6 Ke5 68. Kc4 Be7 69. Bc3+ Kf4 70. Rxe6 Rc8+ 71. Kd3 Bd8 72. Re3 Bb6 73. Be5# 1-0

[Event "CZE-chT1E 1213"]
[Site "Czech Republic"]
[Date "2013.01.27"]
[Round "6.8"]
[White "Beil, Martin"]
[Black "Zatloukal, Petr"]
[Result "1-0"]
[WhiteElo "2214"]
[BlackElo "2160"]
[PlyCount "47"]
[EventDate "2012.10.21"]
[EventType "team-tourn"]
[EventRounds "11"]
[EventCountry "CZE"]
[SourceTitle "EXT 2014"]
[Source "ChessBase"]
[SourceDate "2013.11.20"]
[SourceVersion "1"]
[SourceVersionDate "2013.11.20"]
[SourceQuality "1"]
[WhiteTeam "Kromeriz"]
[BlackTeam "Grygov II"]
[WhiteTeamCountry "CZE"]
[BlackTeamCountry "CZE"]

1. d4 Nf6 2. c4 g6 3. Nc3 Bg7 4. e4 d6 5. Nf3 0-0 6. h3 e5 7. d5 Nh5 8. Nh2 Qe8 9. Be2 Nf4 10. Bf3 f5 11. g3 Nxh3 12. Bg2 fxe4 13. Nxe4 Bf5 14. Ng4 h5 15. Nef6+ Bxf6 16. Nh6+ Kh7 17. Nxf5 Nxf2 18. Kxf2 e4 19. Kg1 gxf5 20. Rxh5+ Kg6 21. Bh3 Bd4+ 22. Kh2 Rh8 23. Rg5+ Kf7 24. Qxd4 1-0

[Event "CZE-chT1E 1213"]
[Site "Czech Republic"]
[Date "2013.01.13"]
[Round "5.7"]
[White "Beil, Martin"]
[Black "Sevcik, Vladimir"]
[Result "1-0"]
[WhiteElo "2214"]
[BlackElo "2230"]
[PlyCount "83"]
[EventDate "2012.10.21"]
[EventType "team-tourn"]
[EventRounds "11"]
[EventCountry "CZE"]
[SourceTitle "EXT 2014"]
[Source "ChessBase"]
[SourceDate "2013.11.20"]
[SourceVersion "1"]
[SourceVersionDate "2013.11.20"]
[SourceQuality "1"]
[WhiteTeam "Kromeriz"]
[BlackTeam "Brno Duras"]
[WhiteTeamCountry "CZE"]
[BlackTeamCountry "CZE"]

1. e4 e5 2. Nf3 Nc6 3. Bb5 Nf6 4. Qe2 a6 5. Ba4 Be7 6. c3 b5 7. Bb3 d6 8. h3 Na5 9. Bc2 c5 10. d4 Qc7 11. d5 0-0 12. Nbd2 Bd7 13. Nf1 Rfb8 14. b3 c4 15. b4 Nb7 16. g4 a5 17. Ng3 g6 18. Nh2 Ne8 19. a3 axb4 20. cxb4 Nd8 21. Qf3 f6 22. Ne2 Nf7 23. Qg3 Qd8 24. Nf1 Bf8 25. h4 h6 26. Ne3 Ra7 27. 0-0 Kh7 28. Bb2 Ng7 29. Kg2 h5 30. f3 Qc8 31. Nc3 Be7 32. Kh2 Nh6 33. Rg1 Be8 34. Raf1 Bd8 35. Bd1 Bb6 36. f4 hxg4 37. fxe5 Nh5 38. Qe1 g3+ 39. Rxg3 Nxg3 40. Qxg3 Bxe3 41. Qxe3 Ng8 42. Qxa7+ 1-0

[Event "CZE-chT1E 1112"]
[Site "Czech Republic"]
[Date "2012.02.12"]
[Round "8.6"]
[White "Senkyr, Martin"]
[Black "Beil, Martin"]
[Result "0-1"]
[WhiteElo "2202"]
[BlackElo "2174"]
[PlyCount "70"]
[EventDate "2011.10.02"]
[EventType "team-tourn"]
[EventRounds "11"]
[EventCountry "CZE"]
[SourceTitle "EXT 2013"]
[Source "ChessBase"]
[SourceDate "2012.11.22"]
[SourceVersion "1"]
[SourceVersionDate "2012.11.22"]
[SourceQuality "1"]
[WhiteTeam "Zlin II"]
[BlackTeam "Kromeriz"]
[WhiteTeamCountry "CZE"]
[BlackTeamCountry "CZE"]

1. e4 e6 2. d4 d5 3. Nd2 c5 4. dxc5 Bxc5 5. Nb3 Bb6 6. exd5 exd5 7. Nf3 Nf6 8. Be2 0-0 9. 0-0 Ne4 10. Nbd4 Nd7 11. h3 Ndf6 12. Bf4 a6 13. c3 Re8 14. Qb3 Nc5 15. Qc2 Nfe4 16. Rad1 Qf6 17. Be3 Bd7 18. Qc1 Bc7 19. c4 dxc4 20. Bxc4 Rac8 21. Ng5 Nxg5 22. Bxg5 Qg6 23. Kh1 Ne4 24. Nf3 Bc6 25. Be3 Bb8 26. Qb1 Qh5 27. Be2 Nf6 28. b4 Be4 29. Qa1 Rc2 30. Rd2 Rxd2 31. Bxd2 Bc6 32. Qd1 Ne4 33. Be1 Ng5 34. Nxg5 Qxg5 35. Bf3 Qf4 0-1

[Event "CZE-chT1E 1112"]
[Site "Czech Republic"]
[Date "2011.12.11"]
[Round "5"]
[White "Navratil, Jiri"]
[Black "Beil, Martin"]
[Result "0-1"]
[WhiteElo "2047"]
[BlackElo "2174"]
[PlyCount "64"]
[EventDate "2011.10.02"]
[EventType "team-tourn"]
[EventRounds "11"]
[EventCountry "CZE"]
[SourceTitle "EXT 2013"]
[Source "ChessBase"]
[SourceDate "2012.11.22"]
[SourceVersion "1"]
[SourceVersionDate "2012.11.22"]
[SourceQuality "1"]
[WhiteTeam "Litovel II"]
[BlackTeam "Kromeriz"]
[WhiteTeamCountry "CZE"]
[BlackTeamCountry "CZE"]

1. e4 e6 2. d4 d5 3. Nd2 c5 4. Ngf3 Nf6 5. exd5 exd5 6. dxc5 Bxc5 7. Nb3 Bb6 8. Nbd4 0-0 9. Be2 Nbd7 10. Bg5 Nc5 11. 0-0 Nce4 12. Bh4 Re8 13. c3 Bg4 14. Bb5 Rf8 15. Re1 a6 16. Bd3 Qd6 17. Qb3 Rfe8 18. Rad1 Bxd4 19. cxd4 Bxf3 20. gxf3 Qf4 21. Bg3 Qxf3 22. Bxe4 dxe4 23. Qxb7 h5 24. Rc1 Qg4 25. h4 Rab8 26. Qxa6 e3 27. Qe2 exf2+ 28. Qxf2 Ne4 29. Rxe4 Rxe4 30. Rf1 f6 31. Qg2 Re2 32. Rf2 Rbxb2 0-1

[Event "CZE-chT2E 1011"]
[Site "Czech Republic"]
[Date "2010.12.08"]
[Round "4.5"]
[White "Beil, Martin"]
[Black "Vavruska, Antonin"]
[Result "0-1"]
[WhiteElo "2185"]
[BlackElo "2111"]
[PlyCount "46"]
[EventDate "2010.10.17"]
[EventType "team-tourn"]
[EventRounds "11"]
[EventCountry "CZE"]
[SourceTitle "EXT 2012"]
[Source "ChessBase"]
[SourceDate "2011.11.24"]
[SourceVersion "1"]
[SourceVersionDate "2011.11.24"]
[SourceQuality "1"]
[WhiteTeam "Kromeriz"]
[BlackTeam "Stare Mesto II"]
[WhiteTeamCountry "CZE"]
[BlackTeamCountry "CZE"]

1. d4 e6 2. c4 f5 3. Nf3 d6 4. g3 Nf6 5. Bg2 Be7 6. 0-0 0-0 7. Nc3 Qe8 8. Qc2 Qh5 9. e4 e5 10. dxe5 dxe5 11. Nd5 Nxd5 12. exd5 Nd7 13. Bd2 Bf6 14. Bc3 e4 15. Nd4 Ne5 16. c5 b6 17. cxb6 cxb6 18. Qd1 Qg6 19. Ne2 Nd3 20. Qd2 Ba6 21. Rfd1 Bg5 22. Qc2 Rac8 23. Qa4 Nc5 0-1

[Event "CZE-chT1E 0910"]
[Site "Czech Republic"]
[Date "2010.02.21"]
[Round "9.5"]
[White "Beil, Martin"]
[Black "Malik, Jan"]
[Result "1-0"]
[WhiteElo "2204"]
[BlackElo "2261"]
[PlyCount "81"]
[EventDate "2009.11.15"]
[EventType "team-tourn"]
[EventRounds "11"]
[EventCountry "CZE"]
[SourceTitle "EXT 2011"]
[Source "ChessBase"]
[SourceDate "2010.11.26"]
[SourceVersion "1"]
[SourceVersionDate "2010.11.26"]
[SourceQuality "1"]
[WhiteTeam "Kromeriz"]
[BlackTeam "Poruba"]
[WhiteTeamCountry "CZE"]
[BlackTeamCountry "CZE"]

1. d4 Nf6 2. Nf3 d5 3. c4 c6 4. Nc3 e6 5. e3 Nbd7 6. Bd3 Be7 7. 0-0 0-0 8. b3 b6 9. Bb2 Bb7 10. Rc1 Rc8 11. Qe2 c5 12. Rfd1 Qc7 13. cxd5 exd5 14. Bf5 g6 15. Bh3 Rcd8 16. dxc5 bxc5 17. b4 c4 18. a3 a5 19. e4 dxe4 20. Bxd7 Rxd7 21. Rxd7 Qxd7 22. Ne5 Qe6 23. Nxc4 axb4 24. axb4 Bxb4 25. Nb5 Rc8 26. Rd1 Ba6 27. Ncd6 Bxd6 28. Rxd6 Qa2 29. h3 Ne8 30. Rb6 Qa5 31. Qe3 Bxb5 32. Qd4 Kf8 33. Qh8+ Ke7 34. Qe5+ Kf8 35. Qh8+ Ke7 36. Qe5+ Kf8 37. Rxb5 Qa6 38. Ra5 Qb7 39. Qh8+ Ke7 40. Ba3+ Kd7 41. Qd4+ 1-0

[Event "CZE-chT1E 0910"]
[Site "Czech Republic"]
[Date "2010.01.10"]
[Round "6.5"]
[White "Beil, Martin"]
[Black "Pecha, Tomas"]
[Result "1/2-1/2"]
[WhiteElo "2204"]
[BlackElo "2241"]
[PlyCount "67"]
[EventDate "2009.11.15"]
[EventType "team-tourn"]
[EventRounds "11"]
[EventCountry "CZE"]
[SourceTitle "EXT 2011"]
[Source "ChessBase"]
[SourceDate "2010.11.26"]
[SourceVersion "1"]
[SourceVersionDate "2010.11.26"]
[SourceQuality "1"]
[WhiteTeam "Kromeriz"]
[BlackTeam "Ostrava Mittal"]
[WhiteTeamCountry "CZE"]
[BlackTeamCountry "CZE"]

1. d4 Nf6 2. Nf3 e6 3. c4 Bb4+ 4. Bd2 c5 5. Bxb4 cxb4 6. Nbd2 0-0 7. e4 d6 8. Be2 Nc6 9. 0-0 Nd7 10. Re1 e5 11. Nf1 Nf6 12. Ng3 Bg4 13. d5 Nb8 14. Nd2 Bc8 15. Ndf1 a5 16. Ne3 Na6 17. Bg4 Nxg4 18. Nxg4 Qg5 19. Ne3 g6 20. Nef1 h5 21. Qd2 Qf6 22. Ne2 Nc5 23. Nc1 Bd7 24. Nd3 b6 25. Qe3 Rfc8 26. Nd2 Qg7 27. a3 bxa3 28. bxa3 Qf8 29. Rab1 Qd8 30. Rb2 Na4 31. Rb3 Nc5 32. Rb2 Na4 33. Rb3 Nc5 34. Rb2 1/2-1/2

[Event "CZE-chT2E 0910"]
[Site "Czech Republic"]
[Date "2009.12.06"]
[Round "4.1"]
[White "Beil, Martin"]
[Black "Cip, Dalibor"]
[Result "0-1"]
[WhiteElo "2196"]
[BlackElo "2164"]
[PlyCount "120"]
[EventDate "2009.10.18"]
[EventType "team-tourn"]
[EventRounds "11"]
[EventCountry "CZE"]
[SourceTitle "EXT 2012"]
[Source "ChessBase"]
[SourceDate "2011.11.24"]
[SourceVersion "1"]
[SourceVersionDate "2011.11.24"]
[SourceQuality "1"]
[WhiteTeam "Kromeriz II"]
[BlackTeam "Orechov"]
[WhiteTeamCountry "CZE"]
[BlackTeamCountry "CZE"]

1. e4 c5 2. Nf3 Nc6 3. d4 cxd4 4. Nxd4 g6 5. c4 Bg7 6. Be3 Nf6 7. Nc3 Ng4 8. Qxg4 Nxd4 9. Qd1 Ne6 10. Qd2 0-0 11. Be2 d6 12. 0-0 Nc5 13. f3 a5 14. Rfc1 Be6 15. Rab1 Qb6 16. Nb5 Rfc8 17. Nd4 Bd7 18. b3 Qb4 19. Rd1 Qxd2 20. Rxd2 Ne6 21. Nc2 Bc3 22. Rd3 Be5 23. g3 g5 24. Ne1 h6 25. Bf1 Nc5 26. Rdd1 Be6 27. Nd3 Nxd3 28. Bxd3 Rc6 29. Kf2 Re8 30. h4 Bf6 31. Rg1 a4 32. f4 axb3 33. axb3 Ra8 34. hxg5 hxg5 35. e5 dxe5 36. fxg5 Bg7 37. Be4 Ra2+ 38. Kf3 Rc7 39. Ra1 Rb2 40. Ra8+ Rc8 41. Rga1 Rxa8 42. Rxa8+ Bf8 43. Ra3 Bh3 44. Bc1 Rh2 45. Ke3 e6 46. Ra8 Kg7 47. Bxb7 Bc5+ 48. Kd3 Bd4 49. Bf3 Rf2 50. Be2 Bf5+ 51. Kd2 Bg4 52. Ba3 Bxe2 53. Ke1 Bd3 54. Bb4 Be3 55. Kd1 Rf1+ 56. Be1 Be4 57. Ra1 Bd4 58. Ke2 Rh1 59. Ra6 Rh2+ 60. Kd1 Bc2+ 0-1

[Event "Ricany op-A"]
[Site "Ricany"]
[Date "2008.08.30"]
[Round "9"]
[White "Beil, Martin"]
[Black "Vokac, Marek"]
[Result "0-1"]
[WhiteElo "2208"]
[BlackElo "2451"]
[PlyCount "74"]
[EventDate "2008.08.23"]
[EventType "swiss"]
[EventRounds "9"]
[EventCountry "CZE"]
[SourceTitle "EXT 2009"]
[Source "ChessBase"]
[SourceDate "2008.11.26"]
[SourceVersion "1"]
[SourceVersionDate "2008.11.26"]
[SourceQuality "1"]

1. d4 g6 2. c4 Bg7 3. Nc3 c5 4. Nf3 cxd4 5. Nxd4 Nc6 6. Nxc6 bxc6 7. e4 Rb8 8. Be2 Qa5 9. 0-0 d6 10. Qc2 Qb5 11. a3 Qb4 12. Qd3 Nf6 13. Bd1 Qb7 14. Rb1 Nd7 15. f4 Nc5 16. Qg3 f5 17. e5 dxe5 18. b4 Ne6 19. fxe5 Qc7 20. Re1 0-0 21. Bf4 Qd8 22. Qe3 g5 23. Bxg5 f4 24. Qxa7 Nxg5 25. Qxb8 Qd4+ 26. Kh1 Qxc3 27. Ba4 Bf5 28. Qb6 Bxb1 29. Rxb1 f3 30. Qxc6 f2 31. Rf1 Qd3 32. Qd5+ Qxd5 33. cxd5 Ne4 34. d6 exd6 35. e6 Nd2 36. e7 Nxf1 37. exf8Q+ Kxf8 0-1

[Event "Ricany op-A"]
[Site "Ricany"]
[Date "2008.08.29"]
[Round "8"]
[White "Vevera, Radek"]
[Black "Beil, Martin"]
[Result "0-1"]
[WhiteElo "2090"]
[BlackElo "2208"]
[PlyCount "70"]
[EventDate "2008.08.23"]
[EventType "swiss"]
[EventRounds "9"]
[EventCountry "CZE"]
[SourceTitle "CBM 126 Extra"]
[Source "ChessBase"]
[SourceDate "2008.11.05"]
[SourceVersion "1"]
[SourceVersionDate "2008.11.05"]
[SourceQuality "1"]

1. e4 c5 2. Nf3 e6 3. d4 cxd4 4. Nxd4 a6 5. Bd3 g6 6. Nc3 Bg7 7. Be3 d6 8. 0-0 Nf6 9. Be2 0-0 10. Qd2 Nbd7 11. Nb3 Qc7 12. Bf4 Ne8 13. Rad1 Ne5 14. Bg3 b5 15. f4 Nc4 16. Bxc4 bxc4 17. Nd4 Rb8 18. Kh1 f5 19. Qe2 Rxb2 20. Rfe1 Nf6 21. exf5 exf5 22. Ne6 Bxe6 23. Qxe6+ Kh8 24. Bh4 Rxc2 25. Bxf6 Rxf6 26. Qe8+ Rf8 27. Nd5 Qb7 28. Qe6 c3 29. Qxd6 Rd2 30. Qe6 Rxd1 31. Rxd1 c2 32. Re1 Qb1 33. Qe3 Qxe1+ 34. Qxe1 Bb2 35. Ne3 c1Q 0-1

[Event "Ricany op-A"]
[Site "Ricany"]
[Date "2008.08.25"]
[Round "4"]
[White "Beil, Martin"]
[Black "Muzikar, Martin"]
[Result "1-0"]
[WhiteElo "2208"]
[BlackElo "1837"]
[PlyCount "47"]
[EventDate "2008.08.23"]
[EventType "swiss"]
[EventRounds "9"]
[EventCountry "CZE"]
[SourceTitle "CBM 126 Extra"]
[Source "ChessBase"]
[SourceDate "2008.11.05"]
[SourceVersion "1"]
[SourceVersionDate "2008.11.05"]
[SourceQuality "1"]

1. d4 d5 2. c4 e6 3. Nc3 Nf6 4. Bg5 Nbd7 5. e3 c6 6. cxd5 exd5 7. Bd3 Bd6 8. f4 0-0 9. Nf3 Qb6 10. Qc2 h6 11. Bh4 Ng4 12. Qe2 Re8 13. Ne5 Ndxe5 14. fxe5 Bxe5 15. dxe5 Rxe5 16. 0-0-0 Nxe3 17. Rde1 d4 18. Ne4 f5 19. Nd2 Be6 20. Kb1 Rd8 21. Bg3 Ra5 22. Nc4 Bxc4 23. Bxc4+ Kh8 24. Bb3 1-0

[Event "Stare Mesto op"]
[Site "Stare Mesto"]
[Date "2008.08.15"]
[Round "9"]
[White "Rojicek, Vojtech"]
[Black "Beil, Martin"]
[Result "1-0"]
[WhiteElo "2346"]
[BlackElo "2208"]
[PlyCount "69"]
[EventDate "2008.08.08"]
[EventType "swiss"]
[EventRounds "10"]
[EventCountry "CZE"]
[SourceTitle "CBM 125 Extra"]
[Source "ChessBase"]
[SourceDate "2008.09.01"]
[SourceVersion "1"]
[SourceVersionDate "2008.09.01"]
[SourceQuality "1"]

1. d4 d5 2. c4 c6 3. Nf3 Nf6 4. Nc3 e6 5. e3 Nbd7 6. Bd3 dxc4 7. Bxc4 b5 8. Bd3 a6 9. e4 c5 10. e5 cxd4 11. Nxb5 axb5 12. exf6 Qb6 13. fxg7 Bxg7 14. 0-0 Bb7 15. Re1 0-0 16. Bf4 Bd5 17. Ne5 Nxe5 18. Bxe5 Bxe5 19. Rxe5 f5 20. Rxd5 exd5 21. Qb3 Qe6 22. Bxb5 f4 23. Rd1 f3 24. g3 Rac8 25. a4 Rf7 26. Bf1 Qe4 27. a5 Rfc7 28. a6 Rc1 29. a7 Rxd1 30. Qxd1 Ra8 31. Qb3 Kf8 32. Qb7 Qe8 33. b4 Qc8 34. Qxc8+ Rxc8 35. b5 1-0

[Event "Stare Mesto op"]
[Site "Stare Mesto"]
[Date "2008.08.13"]
[Round "7"]
[White "Skara, Vladimir"]
[Black "Beil, Martin"]
[Result "0-1"]
[WhiteElo "2058"]
[BlackElo "2208"]
[PlyCount "82"]
[EventDate "2008.08.08"]
[EventType "swiss"]
[EventRounds "10"]
[EventCountry "CZE"]
[SourceTitle "CBM 125 Extra"]
[Source "ChessBase"]
[SourceDate "2008.09.01"]
[SourceVersion "1"]
[SourceVersionDate "2008.09.01"]
[SourceQuality "1"]

1. e4 c5 2. Nf3 e6 3. b3 d6 4. Bb2 Nc6 5. d4 cxd4 6. Nxd4 Nf6 7. Nxc6 bxc6 8. e5 Ne4 9. Bd3 Qa5+ 10. Nd2 Nc5 11. exd6 Nxd3+ 12. cxd3 Bxd6 13. 0-0 Qc7 14. Qh5 0-0 15. Ne4 f6 16. f4 Be7 17. Rf3 Qb6+ 18. Kh1 Qb5 19. Qh4 a5 20. Rh3 h6 21. Rg3 Kh7 22. Rf1 Qf5 23. Rff3 Ba6 24. Nf2 Rad8 25. Rh3 Rd5 26. g4 Qg6 27. Bc1 Bd6 28. Rfg3 Qf7 29. Ne4 Kg8 30. Nxd6 Rxd6 31. Ba3 c5 32. g5 fxg5 33. Rxg5 Qb7+ 34. Rg2 Rxd3 35. Rxd3 Bxd3 36. Kg1 Qf3 37. h3 Qf1+ 38. Kh2 Be4 39. Rxg7+ Kxg7 40. Bb2+ Kg6 41. Qg4+ Kf7 0-1

[Event "Olomouc Dacia Cup"]
[Site "Olomouc"]
[Date "2008.08.07"]
[Round "11"]
[White "Beil, Martin"]
[Black "Kireev, Aleksei"]
[Result "0-1"]
[WhiteElo "2208"]
[BlackElo "2387"]
[PlyCount "82"]
[EventDate "2008.07.30"]
[EventType "tourn"]
[EventRounds "11"]
[EventCountry "CZE"]
[EventCategory "3"]
[SourceTitle "CBM 125 Extra"]
[Source "ChessBase"]
[SourceDate "2008.09.01"]
[SourceVersion "1"]
[SourceVersionDate "2008.09.01"]
[SourceQuality "1"]

1. e4 d6 2. Nf3 g6 3. Bc4 Bg7 4. 0-0 e6 5. d4 Ne7 6. Bg5 h6 7. Be3 Nd7 8. Qd2 a6 9. a4 b6 10. Nc3 Bb7 11. Rad1 g5 12. h3 Ng6 13. Rfe1 Nf6 14. Nh2 Bxe4 15. d5 e5 16. f4 gxf4 17. Bxf4 Nxf4 18. Nxe4 Nxe4 19. Rxe4 Qg5 20. Kh1 Nh5 21. Qxg5 hxg5 22. Rg4 f5 23. Rxg5 Bf6 24. Rxh5 Rxh5 25. Rf1 e4 26. Be2 Rg5 27. b3 Ke7 28. h4 Rg3 29. Rxf5 Re3 30. Rxf6 Rxe2 31. Re6+ Kd7 32. Ng4 Rh8 33. Nf6+ Kc8 34. h5 e3 35. g4 Rf2 36. Kg1 Rf8 37. g5 Rf5 38. g6 R8xf6 39. Rxf6 Rxf6 40. g7 e2 41. g8Q+ Kb7 0-1

[Event "Olomouc Dacia Cup"]
[Site "Olomouc"]
[Date "2008.07.31"]
[Round "2"]
[White "Beil, Martin"]
[Black "Biolek, Richard Jr"]
[Result "0-1"]
[WhiteElo "2208"]
[BlackElo "2354"]
[PlyCount "36"]
[EventDate "2008.07.30"]
[EventType "tourn"]
[EventRounds "11"]
[EventCountry "CZE"]
[EventCategory "3"]
[SourceTitle "CBM 125 Extra"]
[Source "ChessBase"]
[SourceDate "2008.09.01"]
[SourceVersion "1"]
[SourceVersionDate "2008.09.01"]
[SourceQuality "1"]

1. e4 Nc6 2. d4 e5 3. d5 Nce7 4. Nf3 Ng6 5. g3 Bc5 6. Bg2 d6 7. 0-0 f5 8. c4 a5 9. Nc3 Nf6 10. Ng5 0-0 11. Bh3 Ne7 12. Qc2 h6 13. Ne6 Bxe6 14. dxe6 fxe4 15. Nxe4 Nxe4 16. Qxe4 Qe8 17. Qxb7 Qh5 18. Qxc7 Ra7 0-1

[Event "Olexa Memorial op"]
[Site "Brno"]
[Date "2007.12.26"]
[Round "3"]
[White "Beil, Martin"]
[Black "Pokorny, Petr"]
[Result "1-0"]
[WhiteElo "2171"]
[BlackElo "2229"]
[PlyCount "93"]
[EventDate "2007.12.25"]
[EventType "swiss"]
[EventRounds "7"]
[EventCountry "CZE"]
[SourceTitle "EXT 2010"]
[Source "ChessBase"]
[SourceDate "2010.11.25"]
[SourceVersion "1"]
[SourceVersionDate "2010.11.25"]
[SourceQuality "1"]

1. d4 Nf6 2. c4 Nc6 3. Nc3 e5 4. d5 Ne7 5. g3 Ng6 6. Bg2 Bb4 7. Qc2 0-0 8. Nf3 d6 9. Nd2 Nd7 10. e4 Nc5 11. 0-0 f5 12. a3 Bxc3 13. Qxc3 a5 14. b3 f4 15. Bb2 h5 16. b4 Na4 17. Qc2 Bd7 18. h4 b6 19. Nf3 Rf6 20. Bc1 Qe8 21. Bd2 Bg4 22. Qb3 Qd7 23. Ng5 fxg3 24. f3 Nxh4 25. fxg4 Nxg2 26. Kxg2 Qxg4 27. Qxg3 Qe2+ 28. Rf2 Rxf2+ 29. Qxf2 Qg4+ 30. Qg3 Qe2+ 31. Qf2 Qg4+ 32. Kh2 Rf8 33. Qg2 Qh4+ 34. Kg1 Nb2 35. Ne6 Rf7 36. Bg5 Qg4 37. Qxg4 hxg4 38. bxa5 bxa5 39. c5 Nd3 40. c6 Nf2 41. Rf1 Nxe4 42. Rxf7 Kxf7 43. Bd8 Nc3 44. Nxc7 e4 45. Bg5 Kg6 46. Bd2 Nb1 47. Ne8 1-0